ខ្យល់ព្យុះ / (Record no. 1651)

MARC details
000 -LEADER
fixed length control field 01446nam a22003017a 4500
001 - CONTROL NUMBER
control field 1651
003 - CONTROL NUMBER IDENTIFIER
control field FISKH
005 - DATE AND TIME OF LATEST TRANSACTION
control field 20230913101822.0
008 - FIXED-LENGTH DATA ELEMENTS--GENERAL INFORMATION
fixed length control field 230913b cb ||||| |||| 00| 0 khr d
015 ## - NATIONAL BIBLIOGRAPHY NUMBER
Source 9789924341543
040 ## - CATALOGING SOURCE
Original cataloging agency FISKH
Language of cataloging eng
Transcribing agency FISKH
Modifying agency FISKH
082 ## - DEWEY DECIMAL CLASSIFICATION NUMBER
Classification number 551.55
100 ## - MAIN ENTRY--PERSONAL NAME
Personal name Seyvos, Florence
245 ## - TITLE STATEMENT
Title ខ្យល់ព្យុះ /
Statement of responsibility, etc. និពន្ធដោយ ផ្លូរ៉ង់ស៍ សេយវ៉ូស - គូររូបដោយ ក្លូដ ប៉ុងទី - បកប្រែពីភាសាបារាំងដោយ អ៊ុំ វ័ណថារី
260 ## - PUBLICATION, DISTRIBUTION, ETC.
Place of publication, distribution, etc. Paris :
Name of publisher, distributor, etc. Sipar,
Date of publication, distribution, etc. 1993.
300 ## - PHYSICAL DESCRIPTION
Extent 30 pages :
Other physical details color illustrations ;
Dimensions 20 cm
490 ## - SERIES STATEMENT
Series statement រឿងដំបូងៗ
505 ## - FORMATTED CONTENTS NOTE
Formatted contents note K<br/>
520 ## - SUMMARY, ETC.
Summary, etc. យប់នេះខ្យល់ព្យុះនឹងបកមក។ ប៉ុន្តែ ក្លារីសមិនភ័យអ្វីទាំងអស់។ នាងបានរង់ចាំឳ្យវាបក់មក។
520 ## - SUMMARY, ETC.
Summary, etc. Tonight the storm will come. But Clarice was not afraid at all. She waited for it to blow.
521 8# - TARGET AUDIENCE NOTE
Target audience note 510<br/>
Source Lexile estimate<br/>
521 8# - TARGET AUDIENCE NOTE
Target audience note K<br/>
Source Raz-Plus<br/>
650 ## - SUBJECT ADDED ENTRY--TOPICAL TERM
Topical term or geographic name entry element ខ្យល់ព្យុះ
Form subdivision បោកបក់
General subdivision រងចាំ
650 ## - SUBJECT ADDED ENTRY--TOPICAL TERM
Topical term or geographic name entry element Hurricane
Form subdivision Blow
General subdivision Wait
700 ## - ADDED ENTRY--PERSONAL NAME
Personal name Vanthary, Oum
Relator term Translator
700 ## - ADDED ENTRY--PERSONAL NAME
Personal name Ponti, Claude
Relator term illustrator
942 ## - ADDED ENTRY ELEMENTS (KOHA)
Source of classification or shelving scheme Dewey Decimal Classification
Koha item type Khmer Books
Suppress in OPAC No
Holdings
Withdrawn status Lost status Source of classification or shelving scheme Damaged status Not for loan Collection Home library Current library Shelving location Date acquired Total Checkouts Full call number Barcode Date last seen Date last checked out Copy number Price effective from Koha item type
    Dewey Decimal Classification     Khmer Language Books / សៀវភៅភាសាខ្មែរ Footprints International School Library Network Toul Kork Campus Footprints International School Library Network Toul Kork Campus TK Campus, Room B402, Khmer Book Case 16, Shelves 112-123 / ទូរសៀវភៅខ្មែរលេខ ១៦​ ធ្នើរ ១១២ ដល់ ១២៣ បន្ទប់ B402 សាខាទួលគោក 09/13/2023 1 SEY 551.55 2023-0601 02/02/2026 01/05/2026 1 09/13/2023 Khmer Books
    Dewey Decimal Classification     Khmer Language Books / សៀវភៅភាសាខ្មែរ Footprints International School Library Network Toul Kork Campus Footprints International School Library Network Toul Kork Campus TK Campus, Room B402, Khmer Book Case 16, Shelves 112-123 / ទូរសៀវភៅខ្មែរលេខ ១៦​ ធ្នើរ ១១២ ដល់ ១២៣ បន្ទប់ B402 សាខាទួលគោក 09/13/2023   SEY 551.55 2023-0602 09/13/2023   2 09/13/2023 Khmer Books